000 01637cam a2200277 4500
001 ABS63489
008 000000n2000 000 0 eng u
035 _a(Sirsi) u110373
100 _aButler, R.
245 _aDown on the telecottage
260 _c2000
490 _aContext
_v(68) December 2000, 18-19
520 _aA belief in a living countryside, a belief in a working countryside, a recognition of the interdependence of urban and rural areas, a commitment to protect the rural environment and enhance its qualities, and a belief that the countryside should be accessible to all are the five key principals guiding the government's rural regeneration policies. As the rural white paper outlines a new approach to addressing problems affecting rural areas British Waterways' strategy to develop a co-ordinated framework for action, partnership and investment based around its network of canals and rivers, provides an example of the way in which regeneration schemes can help to ensure sustainable economic diversification, development of local skills, and improved support for leisure, recreation and tourism. Possible amendments to PPG2 and PGG7, as well as the future role of the Countryside Agency, MAFF and regional development agencies, are also discussed.
590 _aABS
650 _aRURAL WHITE PAPER
650 _aPLANNING POLICY GUIDANCE NOTE 2 (GREEN BELTS)
650 _aPPG7
650 _aRURAL ECONOMY
650 _aRURAL ENTERPRISE
650 _aRURAL REGENERATION
650 _aRURAL STRATEGIES
650 _aBRITISH WATERWAYS
650 _aCANALS
690 _aRural
_96268
942 _n0
999 _c65800
_d65800